| 000 | 02020nam a2200289 i 4500 | ||
|---|---|---|---|
| 003 | CSPC | ||
| 005 | 20250722104006.0 | ||
| 008 | 250721s2020 nyu 000 0 eng d | ||
| 020 | _a9781260463156 | ||
| 040 |
_cCSPC _aCSPC _beng _erda |
||
| 050 | 0 | 0 |
_aPC4112 _b.N57 2020 |
| 082 | 0 | 0 |
_a468.2421 _bN636p |
| 100 | 1 |
_aNissenberg, Gilda, _eauthor. |
|
| 245 | 1 | 0 |
_aPractice makes perfect : _bcomplete Spanish grammar / _cGilda Nissenberg. |
| 250 | _aPremium fourth edition. | ||
| 264 | 1 |
_aNew York : _bMcGraw Hill, _c2020. |
|
| 300 |
_axiii, 400 pages ; _c28 cm. |
||
| 336 |
_2rdacontent _atext |
||
| 337 |
_2rdamedia _aunmediated |
||
| 338 |
_2rdacarrier _avolume |
||
| 490 | 0 | _aPractice makes perfect | |
| 505 | 0 | _aThe present tense of regular verbs, irregular verbs, and verbs with spelling changes -- The present tense of verbs with stem changes -- Ser and estar -- The preterit tense -- The imperfect tense -- More about the preterit and the imperfect -- The future and the conditional -- Reflexive verbs and reflexive constructions -- The progressive tenses -- Compound tenses: the present perfect and the past perfect -- Compound tenses: the future perfect and the conditional perfect -- The passive voice and passive constructions -- The subjunctive mood: the present and the present perfect subjunctive tenses in noun clauses -- More uses of the subjunctive: adverb and relative clauses -- The subjunctive mood past tenses: the perfect and the pluperfect subjunctive -- The commands -- Nouns and articles -- Adjectives -- Personal pronouns -- Relative pronouns -- Possessive and demonstrative adjectives and pronouns -- Adverbs -- Prepositions -- Indefinite and negatove words and expressions -- Interrogative and exclamatory words -- Numbers. | |
| 650 | 0 |
_aSpanish language _vGrammar. |
|
| 650 | 0 |
_aSpanish language _vTextbooks for foreign speakers _xEnglish. |
|
| 942 |
_2ddc _n0 _cBK _h468.2421 _iN636p _kCIR _m2020 |
||
| 999 |
_c29827 _d29827 |
||